000 00315nam a2200133Ia 4500
008 190216s9999||||xx |||||||||||||| ||und||
100 _aBansilal
245 0 _aThree Dimensional Differential Geometry
250 _aFOURTH
260 _bAtmaram &sons
_c1976
300 _a288
650 _aMathematics
942 _cBK
999 _c30625
_d30625